[Event "Unterfranken-ch HA 58th"]
[Site "Wuerzburg"]
[Date "2007.04.13"]
[Round "7"]
[White "Staat, Christian"]
[Black "Riess, Daniel"]
[Result "1-0"]
[WhiteElo "1532"]
[BlackElo "1320"]
[PlyCount "73"]
[EventDate "2007.04.09"]
[EventType "swiss"]
[EventRounds "9"]
[EventCountry "GER"]
[SourceTitle "EXT 2015"]
[Source "ChessBase"]
[SourceDate "2014.11.20"]
[SourceVersion "1"]
[SourceVersionDate "2014.11.20"]
[SourceQuality "1"]

1. d4 f5 2. Nc3 Nf6 3. Bg5 e6 4. e4 fxe4 5. Nxe4 Be7 6. Nxf6+ Bxf6 7. Bxf6 Qxf6 8. Qh5+ g6 9. Qe5 0-0 10. Qxf6 Rxf6 11. Nf3 b6 12. 0-0-0 Bb7 13. Be2 d6 14. Rhf1 Nc6 15. Ne1 Rc8 16. f3 Rf4 17. c3 Rh4 18. Rh1 Rh5 19. Nd3 Ba6 20. Nf4 Bxe2 21. Nxe2 Rf8 22. f4 Ra5 23. Kb1 Ne7 24. g3 c5 25. dxc5 dxc5 26. Rd6 Kf7 27. Rhd1 b5 28. Rd7 b4 29. Rb7 bxc3 30. Nxc3 Ra6 31. Ne4 c4 32. Ng5+ Kg7 33. Rxe7+ Kf6 34. Rdd7 Kf5 35. h3 e5 36. Rxe5+ Kf6 37. Nxh7# 1-0